00581nam a2200169Ia 4500999001500000020001800015082001900033245006400052260002800116300001500144504001900159650004200178650003400220700002200254942000700276952012800283 c4702d4702 a0-415-31160-8 aRR 327.03 ENC- 0aEncyclopedia of international relations and global politics aLondonbRoutledgec2005 axviii, 911 aincludes index aInternational relationsvEncyclopedia aWorld politicsvEncyclopedias aGriffiths, Martin cBK 00104070aNASSDOCbNASSDOCd2006-03-16eGOVINDi2006-03-06l0oRR 327.03 ENC-p41440r2019-04-18 00:00:00w2019-04-18yBK